000 01513nam a2200337 a 4500
001 000001857
005 20200929145731.0
008 090629s2006 cu ac 001 0 spa d
020 _a9592112800
040 _aDO-SdBNP
_bspa
_cBNPHU
082 _a327.12
_bC974c
100 1 _aCupull, Adys,
_d1937-
_96042
245 1 3 _aLa CIA contra el Che /
_cAdys Cupull, Froilán González ; edición Ana María Caballero Labaut.
260 _aLa Habana :
_bEditorial Capitán San Luis,
_c2006.
300 _aiv, 353 p. :
_bil., retrs. ;
_c23 cm.
500 _aIncluye índice
500 _aIncluye datos biográficos del autor en la contracubierta
500 _aTestimonios, documentos relatos Y análisas que revelan la actuación de la CIA en el asesinato de Ernesto Guevara y sus compañeros de guerrilla en la tierras bolivianas, asi como el rol desempeñado por la embajada y el gobierno de los Estados Unidos. .
610 1 4 _aESTADOS UNIDOS
_bAGENCIA CENTRAL DE INTELIGENCIA(CIA)
_96043
650 4 _aEstados unidos
_xRelaciones
_zBolivia
_96044
650 4 _aBolivia
_xRelaciones
_zEstados Unidos
_96045
650 4 _aPersecuciones políticas
_96046
650 4 _aGuerrillas
_xRelatos personales
_96047
650 4 _aEspionaje
_93233
650 4 _aGuerra de guerrillas
_96048
651 4 _aBolivia
_xPolitica Y Gobierno
_96049
650 4 _aRevolucionarios
_zAmerica Latina
_96050
651 4 _aAmerica Latina
_xHistoria
_91786
700 1 _aGonzáles, Froilán
_96051
700 1 _aCaballero, Ana María
_eeditor
_96052
999 _c1734
_d1734